| 000 | 05335cam a22018374i 4500 | ||
|---|---|---|---|
| 003 | PE-LiUPU | ||
| 005 | 20250813165729.0 | ||
| 008 | 150706s2008 pe r 000 0 spa d | ||
| 020 | _a6034012805 | ||
| 020 | _a9786034012806 | ||
| 035 | _a(Sirsi) i9786034012806 | ||
| 040 |
_aPE-LiUPU _bspa _cPE-LiUPU _dPE-LiUPU _erda |
||
| 049 | _aPRUA | ||
| 082 | 0 | 4 |
_a658.4092 _bMAC _221 |
| 100 | 1 |
_aCornejo y Rosado, Miguel Ángel, _d1946-2015, _eautor. |
|
| 245 | 1 | 0 |
_aLiderazgo de excelencia / _cMiguel Ángel Cornejo y Rosado. |
| 250 | _aPrimera edición. | ||
| 264 | 1 |
_aLima : _bProducciones Cantabria, _c2008. |
|
| 300 |
_a192 páginas ; _c21 centímetros. |
||
| 336 |
_atext _2rdacontent |
||
| 337 |
_aunmediated _2rdamedia |
||
| 338 |
_avolume _2rdacarrier |
||
| 490 | 0 |
_aColección Miguel Angel Cornejo. Trome ; _v1 |
|
| 505 | 0 | _aEl arte de dirigir -- Significado de liderazgo de excelencia -- Necesitamos líderes, no jefes -- Mitos en relación con el líder -- ¿En dónde se ejerce el liderazgo? -- Conocimiento de uno mismo -- ¿Quién soy? -- Caso práctico -- El líder ante el cambio -- Liderazgo asertivo -- Conductas típicas de la no asertividad -- Más allá de la razón, ¿por qué la gente no cambia? - Autocontrol -- Filosofía de los intentos -- Niveles de cambio -- El no asertivo vive dentro de sus limitaciones -- Organización psicológica -- El no asertivo espera -- Al no asertivo lo domina la neurosis -- El no asertivo vive según las reglas y caprichos de los demás -- El no asertivo juzga imposibles la expresión de sus emociones -- ¿Qué son las relaciones asertivas? -- Niveles de aserción -- Liderazgo asertivo (triunfadores y perdedores) -- Liderazgo transformador -- El ser líder no lo convierte en uno ejerciendo el poder -- El poder -- El arte de dirigir -- La filosofía del líder de excelencia -- Entrevista con Dios -- El arte de la motivación -- Filosofía del líder -- Círculo de la motivación -- Conocimientos de las necesidades humanas -- Influencia positiva -- Influencia positiva - hábitos de excelencia -- Una metáfora final. | |
| 526 | _aP203 | ||
| 526 | _aP200 | ||
| 526 | _aSEG65 | ||
| 526 | _aSEG64 | ||
| 526 | _aSEG63 | ||
| 526 | _aSEG62 | ||
| 526 | _aSEG61 | ||
| 526 | _aSEG60 | ||
| 526 | _aSEG59 | ||
| 526 | _aSEG58 | ||
| 526 | _aSEG57 | ||
| 526 | _aSEG56 | ||
| 526 | _aSEG55 | ||
| 526 | _aSEG54 | ||
| 526 | _aSEG53 | ||
| 526 | _aSEG52 | ||
| 526 | _aSEG51 | ||
| 526 | _aSEG50 | ||
| 526 | _aSEG49 | ||
| 526 | _aSEG48 | ||
| 526 | _aSEG47 | ||
| 526 | _aSEG46 | ||
| 526 | _aSEG24 | ||
| 526 | _aSEG23 | ||
| 526 | _aSEG22 | ||
| 526 | _aSEG21 | ||
| 526 | _aSEG20 | ||
| 526 | _aSEG19 | ||
| 526 | _aSEG18 | ||
| 526 | _aSEG17 | ||
| 526 | _aSEG16 | ||
| 526 | _aSEG14 | ||
| 526 | _aSEG13 | ||
| 526 | _aSEG12 | ||
| 526 | _aSEG11 | ||
| 526 | _aSEG10 | ||
| 526 | _aSEG09 | ||
| 526 | _aSEG06 | ||
| 526 | _aSEG05 | ||
| 526 | _aSEG04 | ||
| 526 | _aSEG03 | ||
| 526 | _aSEG02 | ||
| 526 | _aSEG68 | ||
| 526 | _aSEG66 | ||
| 526 | _aSEG45 | ||
| 526 | _aSEG25 | ||
| 526 | _aSEG01 | ||
| 526 | _aP163 | ||
| 526 | _aP162 | ||
| 526 | _aP161 | ||
| 526 | _aP160 | ||
| 526 | _aP159 | ||
| 526 | _aP158 | ||
| 526 | _aP157 | ||
| 526 | _aP156 | ||
| 526 | _aP155 | ||
| 526 | _aP154 | ||
| 526 | _aP153 | ||
| 526 | _aP152 | ||
| 526 | _aP151 | ||
| 526 | _aP150 | ||
| 526 | _aP149 | ||
| 526 | _aP142 | ||
| 526 | _aP141 | ||
| 526 | _aP140 | ||
| 526 | _aP139 | ||
| 526 | _aP138 | ||
| 526 | _aP137 | ||
| 526 | _aP132 | ||
| 526 | _aP131 | ||
| 526 | _aP130 | ||
| 526 | _aP126 | ||
| 526 | _aP125 | ||
| 526 | _aP124 | ||
| 526 | _aP123 | ||
| 526 | _aP115 | ||
| 526 | _aP122 | ||
| 526 | _aP121 | ||
| 526 | _aP116 | ||
| 526 | _a P114 | ||
| 526 | _aP112 | ||
| 526 | _aP111 | ||
| 526 | _aP104 | ||
| 526 | _aP103 | ||
| 526 | _aP102 | ||
| 526 | _aP101 | ||
| 526 | _aP100 | ||
| 526 | _aP96 | ||
| 526 | _aP95 | ||
| 526 | _aP93 | ||
| 526 | _aP92 | ||
| 526 | _aP91 | ||
| 526 | _aP88 | ||
| 526 | _aP83 | ||
| 526 | _aP82 | ||
| 526 | _aP79 | ||
| 526 | _aP78 | ||
| 526 | _aP75 | ||
| 526 | _aP74 | ||
| 526 | _aP71 | ||
| 526 | _aP69 | ||
| 526 | _a P51 | ||
| 526 | _aP49 | ||
| 526 | _aP48 | ||
| 526 | _aP47 | ||
| 526 | _aP33 | ||
| 526 | _aP31 | ||
| 526 | _a P30 | ||
| 526 | _aP29 | ||
| 526 | _aP27 | ||
| 526 | _aP26 | ||
| 526 | _aP25 | ||
| 526 | _aP24 | ||
| 526 | _a P22 | ||
| 526 | _aP10 | ||
| 526 | _aP09 | ||
| 526 | _a P08 | ||
| 526 | _aP06 | ||
| 526 | _aP05 | ||
| 526 | _aP04 | ||
| 526 | _aP01 | ||
| 541 | _g000318; | ||
| 650 | 0 | 4 | _aAptitud creadora. |
| 650 | 0 | 4 | _aLiderazgo. |
| 650 | 0 | 4 | _aParticipación social. |
| 910 |
_cng _d20090326 |
||
| 942 |
_2ddc _cBOOK |
||
| 949 |
_a658.4092 MAC 1 _wDEWEY _c1 _i59486 _d2016-6-1 _e2016-5-31 _lCCODEBUL1 _mBUL _n7 _p6.00 _r0 _sY _tBOOK _u2015-7-6 _xFCE _zUNKNOWN _0COMPRA _o.STAFF. Colección Ciencias Empresariales |
||
| 994 |
_aC0 _bPEPRU |
||
| 596 | _a1 | ||
| 999 |
_a658.4092 MAC 1 _wDEWEY _c49048 _i59486 _d49048 _e2022-6-23 _f2021-11-8 _g6 _lCCODEBUL1 _mBUL _n11 _p6.00 _r0 _sY _tBOOK _u2015-7-6 _xFCE _zUNKNOWN _0COMPRA _o.STAFF. Colección Ciencias Empresariales |
||
| 980 |
_81 _gALBERTO SANCHEZ Responsable de Automatización |
||